000 00973cad a22002055a 4500
001 L150567
008 100729e2010 xxk 000 0 eng d
035 _a(Sirsi) u150567
041 0 _aeng
050 _a333.72
_v218
110 2 _aOve Arup and Partners
245 0 0 _aStrategic Forum for Construction & Carbon Trust
_bconstruction carbon 15% target by 2012, scoping paper
_h[electronic resource]
260 _aLondon
_bOveArup
_c2010
520 _aThe objective of this scoping paper is to discuss and recommend the activities to be included within the boundary of the carbon reduction target and how progress towards the target is to be reported.
590 _aNTK
651 4 _aUnited Kingdom
_y
690 _aBUILT ENVIRONMENT-SUSTAINABLE CONSTRUCTION
856 4 0 _uhttps://www.strategicforum.org.uk/pdf/0010%20SFfC%20Carbon%20Trust%20scoping%20paper%20Rev%20A%20for%20public%20release.pdf
_zView the item free of charge at www.strategicforum.org.uk
942 _n0
999 _c82559
_d82559